000 00696nam a2200229 a 4500
005 20180803165431.0
008 140217b2009 ck ||||| |||| 00| 0 spa d
040 _aCO-BoIAVH
_cCO-BoIAVH
041 _aspa
044 _ack
090 _aIAVH
_b01388
100 _aBarrero Rojas, Johanna Patricia
_96285
245 _aFuncionamiento hidrológico del Páramo de Belmira, Antioquia
_binforme final
260 _aMedellín
_bIAVH
_bUniversidad Nacional
_c2009
300 _a43 p.
650 _aRecursos hídricos
_992528
650 _aBalance hídrico
_96287
650 _aClima
_931380
662 _cPáramo de Belmira
_bAntioquia
700 _aTobón Marín, Conrado
_96289
942 _cINFORME
_2z
999 _c7201
_d7201